Normal view
MARC view
Entry Personal Name
001 - CONTROL NUMBER
- control field: 78680
003 - CONTROL NUMBER IDENTIFIER
- control field: OSt
005 - DATE AND TIME OF LATEST TRANSACTION
- control field: 20220918192226.0
008 - FIXED-LENGTH DATA ELEMENTS
- fixed length control field: 220918|| aca||aabn | a|a d
040 ## - CATALOGING SOURCE
- Original cataloging agency: OSt
- Transcribing agency: OSt
100 ## - HEADING--PERSONAL NAME
- Personal name: Kierkegaard S
670 ## - SOURCE DATA FOUND
- Source citation: Work cat.: (OSt)193776: Kierkegaard S, Stages on life's way tr by Walter Lowrie, 1945
